日本の省庁 - Statistics

General Stats
  • This quiz has been taken 182 times
  • The average score is 8 of 13
Answer Stats
省庁 住所 % Correct
内閣府 千代田区永田町1-6-1
81%
防衛省 新宿区市谷本村町5-1
81%
財務省 千代田区霞ヶ関3-1-1
68%
農林水産省 千代田区霞ヶ関1-2-1 中央合同庁舎第1号館
67%
国土交通省 千代田区霞ヶ関2-1-3 中央合同庁舎第3号館
65%
総務省 千代田区霞ヶ関2-1-2 中央合同庁舎第2号館
64%
厚生労働省 千代田区霞ヶ関1-2-2 中央合同庁舎第5号館本館
63%
文部科学省 千代田区霞が関3-2-2 中央合同庁舎第7号館東館
63%
外務省 千代田区霞ヶ関2-2-1
61%
経済産業省 千代田区霞ヶ関1-3-1
60%
法務省 千代田区霞ヶ関1-1-1 中央合同庁舎第6号館A棟
57%
環境省 千代田区霞ヶ関1-2-2 中央合同庁舎第5号館本館
49%
復興庁 千代田区霞が関3-1-1 中央合同庁舎第4号館
12%
No matching quizzes found
Score Distribution
Percent of People with Each Score
Percentile by Number Answered
Your Score History
You have not taken this quiz